DIFFERENTIAL EQUATIONS (Record no. 9486)

MARC details
000 -LEADER
fixed length control field 00800nam a22001577a 4500
003 - CONTROL NUMBER IDENTIFIER
control field SGT
020 ## - INTERNATIONAL STANDARD BOOK NUMBER
International Standard Book Number 9788126515370
082 ## - DEWEY DECIMAL CLASSIFICATION NUMBER
Classification number 515.35,ROS
100 ## - MAIN ENTRY--PERSONAL NAME
Personal name ROSS,SHEPLEY
245 ## - TITLE STATEMENT
Title DIFFERENTIAL EQUATIONS
260 ## - PUBLICATION, DISTRIBUTION, ETC. (IMPRINT)
Place of publication, distribution, etc NEW DELHI
Name of publisher, distributor, etc WILEY INDIA
Year of Publication 2016
300 ## - PAGE DESCRIPTION
No. of Pages 807
650 ## - SUBJECT ADDED ENTRY--TOPICAL TERM
Topical term or geographic name as entry element ANALYSIS, MATHEMATICS
653 ## - KEYWORDS--INDEX TERM
Keyword term PART I FUNDAMENTAL METHODS AND APPLICATIONS FIRST-ORDER EQUATIONS FOR WHICH EXACT SOLUTIONS ARE OBTAINABLE EXPLICIT METHODS OF SOLVING HIGHER-ORDER LINEAR DIFFERENTIAL EQUATIONS SERIES SOLUTIONS OF LINEAR DIFFERENTIAL EQUATIONS APPROXIMATE METHODS OF SOLVING FIRST-ORDER EQUATIONS PART II FUNDAMENTAL THEORY AND FURTHER METHODS EXISTENCE AND UNIQUENESS THEORY STURM-LIOUVILLE BOUNDARY-VALUE PROBLEMS AND FOURIER SERIES PARTIAL DIFFERENTIAL EQUATIONS APPENDICES
942 ## - ADDED ENTRY ELEMENTS (KOHA)
Source of classification or shelving scheme Dewey Decimal Classification
Koha item type FPS Books
Holdings
Withdrawn status Lost status Source of classification or shelving scheme Damaged status Not for loan Collection code Home library Current library Shelving location Date acquired Vendor Name Cost, normal purchase price SGTU Bill Number Full call number Accession No. (Barcode) Date last seen Bill Date Koha item type
    Dewey Decimal Classification   Not For Loan SCIENCE SGT Science & Social Sciences Library SGT Science & Social Sciences Library Reference Book 05/07/2016 AHUJA BOOKS 629.00 SGTU 6680 515.35,ROS PS1476 05/07/2016 03/03/2016 FPS Books